Jawahir Al-Balaqah (Record no. 67103)

MARC details
000 -LEADER
fixed length control field 00587nam a2200229 i 4500
001 - CONTROL NUMBER
control field C2-0254362
003 - CONTROL NUMBER IDENTIFIER
control field PPAK
005 - DATE AND TIME OF LATEST TRANSACTION
control field 20180727222028.0
008 - FIXED-LENGTH DATA ELEMENTS--GENERAL INFORMATION
fixed length control field 040429s le |||| ||||| | ara d
040 ## - CATALOGING SOURCE
Original cataloging agency PPAK
Language of cataloging eng
Transcribing agency PPAK
Description conventions rda
082 04 - DEWEY DECIMAL CLASSIFICATION NUMBER
Classification number 297.124
Edition number 23
090 00 - LOCALLY ASSIGNED LC-TYPE CALL NUMBER (OCLC); LOCAL CALL NUMBER (RLIN)
Classification number (OCLC) (R) ; Classification number, CALL (RLIN) (NR) 297.124
Feature heading ASS
Feature heading R
100 0# - MAIN ENTRY--PERSONAL NAME
Personal name As-Sayed Ahmad Al-Hashimi,
Relator term author
245 10 - TITLE STATEMENT
Title Jawahir Al-Balaqah
264 #1 - PRODUCTION, PUBLICATION, DISTRIBUTION, MANUFACTURE, AND COPYRIGHT NOTICE
Place of production, publication, distribution, manufacture Lubnan :
Name of producer, publisher, distributor, manufacturer Darul Khutub ,
300 ## - PHYSICAL DESCRIPTION
Extent 1 Jilid ;
Dimensions 24 cm
336 ## - CONTENT TYPE
Source rdacontent
Content type term text
337 ## - MEDIA TYPE
Source rdamedia
Media type term unmediated
338 ## - CARRIER TYPE
Source rdacarrier
Carrier type term volume
650 10 - SUBJECT ADDED ENTRY--TOPICAL TERM
Topical term or geographic name entry element Hadith
942 ## - ADDED ENTRY ELEMENTS (KOHA)
-- dc
Koha item type Book
Holdings
Withdrawn Not for loan Current library Shelving location Date acquired Total Checkouts Full call number Barcode Date last seen Koha item type
  Not For Loan PD36, Kg. Kuala Lanjut, Kota Star Rujukan Dewasa 29/04/2004   R 297.124 ASS A00808788 08/05/2018 Book